000
00403nam a2200145Ia 4500
008
100122s9999 xx 000 0 und d
082
_b
52851
_a
81
100
_a
भावे अनंत
245
_a
वडापाव
260
_b
मेहता पब्लिकेशन हाऊस
_c
1993
300
_a
267
630
_a
वडापाव
730
_a
वडापाव
942
_c
BOOK
999
_c
430012
_d
430009